000
00476nam a2200181Ia 4500
008
100917s9999 xx 000 0 und d
082
_b
54727
100
_a
बोरकर कमलाकर
245
_a
यात्रकि
260
_b
त्रदिल प्रकाशन
_c
1982
300
_a
79
365
_b
6
520
_a
नाटक
630
_a
यात्रकि
650
_a
नाटक
730
_a
यात्रकि
942
_c
BOOK
999
_c
660121
_d
660118